000 00347nam a2200133Ia 4500
008 240624s9999 xx 000 0 und d
041 _aeng
082 _a302.1 ELS
100 _aELSTER JON
245 _aSOUR GRAPES STUDIES IN THE SUBVERSION OF
260 _c1985
_aCambridge
_bCambridge University Press
300 _a188 : p.
365 _cBPS
_b28
999 _c21124
_d21124